| 000 | 00373cam a22001337a 4500 | ||
|---|---|---|---|
| 008 | 180718b1993 xxu||||| |||| 00| 0 eng d | ||
| 020 | _a8190028901 | ||
| 082 | _aA99 G151r Ag38 | ||
| 100 | _aAggarwala, Adish C. | ||
| 245 |
_aRajiv Gandhi:an assessment _cby Adish C. Aggarwala |
||
| 260 |
_aNew Delhi _bAmish Publications _c1993 |
||
| 300 | _a300p. | ||
| 650 | _aGandhi, Rajiv | ||
| 999 |
_c376717 _d376717 |
||